Government gets wide backing for GAP reform (Record no. 71731)
[ view plain ]
| 000 -LEADER | |
|---|---|
| fixed length control field | 01135cam a2200217 4500 |
| 001 - CONTROL NUMBER | |
| control field | X120720 |
| 008 - FIXED-LENGTH DATA ELEMENTS--GENERAL INFORMATION | |
| fixed length control field | 021210n2002 000 0 eng u |
| 035 ## - SYSTEM CONTROL NUMBER | |
| System control number | (Sirsi) u120720 |
| 245 ## - TITLE STATEMENT | |
| Title | Government gets wide backing for GAP reform |
| 260 ## - PUBLICATION, DISTRIBUTION, ETC. | |
| Date of publication, distribution, etc. | 2002 |
| 490 ## - SERIES STATEMENT | |
| Series statement | DEFRA News Release |
| Volume/sequential designation | (505/02) 9 December 2002, (2) |
| 520 ## - SUMMARY, ETC. | |
| Summary, etc. | Radical reform of the Common Agricultural Policy has been backed by a range of green groups, aid agencies and consumer associations. The UK government agrees with the proposals but does not believe that they go far enough. More than 200 responses were received from a variety of organisations and included views from the National Farmers Union, Countryside Alliance and the Tenant Farmers Association. For the DEFRA News Release: http://www.nds.coi.gov.uk/coi/coipress.nsf/567e3dc25f61661580256ae8003b4907/78dbd1284ed15fc980256c8a00375486?OpenDocument |
| 590 ## - LOCAL NOTE (RLIN) | |
| Local note | WB |
| 650 ## - SUBJECT ADDED ENTRY--TOPICAL TERM | |
| Topical term or geographic name entry element | COMMON AGRICULTURAL POLICY |
| 650 ## - SUBJECT ADDED ENTRY--TOPICAL TERM | |
| Topical term or geographic name entry element | MODULATION |
| 650 ## - SUBJECT ADDED ENTRY--TOPICAL TERM | |
| Topical term or geographic name entry element | FARMING DEVELOPMENT |
| 650 ## - SUBJECT ADDED ENTRY--TOPICAL TERM | |
| Topical term or geographic name entry element | FARMING METHODS |
| 650 ## - SUBJECT ADDED ENTRY--TOPICAL TERM | |
| Topical term or geographic name entry element | CONSUMERS ASSOCIATION |
| 690 ## - LOCAL SUBJECT ADDED ENTRY--TOPICAL TERM (OCLC, RLIN) | |
| Topical term or geographic name as entry element | RURAL-AGRICULTURE AND FORESTRY |
| 942 ## - ADDED ENTRY ELEMENTS (KOHA) | |
| Suppress in OPAC | 0 |
| Withdrawn status | Lost status | Source of classification or shelving scheme | Damaged status | Not for loan | Home library | Current library | Shelving location | Date acquired | Total Checkouts | Full call number | Barcode | Date last seen | Copy number | Price effective from | Koha item type |
|---|---|---|---|---|---|---|---|---|---|---|---|---|---|---|---|
| Dewey Decimal Classification | London | London | News article | 10/12/2002 | X120720 | 120720-1001 | 06/08/2019 | 1 | 06/08/2019 | News article |